Harry Potter citations FRANCAIS - Statistiques

Statistiques générales
  • Ce quiz a été pris 23 022 fois
  • Le résultat moyen est 8 sur 12
Statistiques - réponses
CITATIONS PERSONNAGES % Correct
Tu es un sorcier Harry. Rubeus Hagrid
99%
On a peur Potter ? Drago Malfoy
90%
C'est fou à quel point vous ressemblez à votre père ! Lui aussi était d'une grande arrogance ! Severus Rogue
88%
Ce n’est pas parce que tu as la capacité émotionnelle d’une cuillère à café qu’il en va de même pour tout le monde. Hermione Granger
83%
Je refuse de payer un sou pour qu'un vieux cinglé lui apprenne des tours de magie ! Vernon Dursley
81%
N'aie pas pitié des morts Harry. Aie plutôt pitié des vivants et surtout de ceux qui vivent sans amour. Albus Dumbledore
80%
Je ne cherche aucun ennui. Généralement, ce sont les ennuis qui me trouvent. Harry Potter
75%
Puis-je vous proposer un sirop pour la toux, Dolores ? Minerva Mcgonagall
65%
Ce qui compte, ce n’est pas la naissance, mais ce que l’on devient. Albus Dumbledore
59%
Elles finiront bien par revenir, comme toujours. Luna Lovegood
44%
D'accord, d'accord. Flint a failli tuer l'attrapeur de Gryffondor, ce qui aurait pu arriver à n'importe qui. Lee Jordan
33%
Tout est possible, du moment qu'on a assez de cran. Ginny Weasley
24%
Aucun quiz correspondant
Distribution des résultats
% des personnes avec chaque résultat
Percentile par nombre de réponses
Votre historique - résultats
Vous n’avez pas pris ce quiz